MARC details
| 000 -LEADER |
| fixed length control field |
02476cam a2200493Li 4500 |
| 001 - CONTROL NUMBER |
| control field |
ocn708395651 |
| 003 - CONTROL NUMBER IDENTIFIER |
| control field |
TZ-ArACH |
| 005 - DATE AND TIME OF LATEST TRANSACTION |
| control field |
2013050909029.0 |
| 008 - FIXED-LENGTH DATA ELEMENTS--GENERAL INFORMATION |
| fixed length control field |
110202s2010 fr f b 001 0 fre d |
| 016 7# - NATIONAL BIBLIOGRAPHIC AGENCY CONTROL NUMBER |
| Record control number |
FRBNF423927000000006 |
| Source |
FrPBN |
| 020 ## - INTERNATIONAL STANDARD BOOK NUMBER |
| International Standard Book Number |
9782247086412 (rel) |
| 020 ## - INTERNATIONAL STANDARD BOOK NUMBER |
| International Standard Book Number |
2247086411 (rel) |
| 035 ## - SYSTEM CONTROL NUMBER |
| System control number |
(OCoLC)708395651 |
| 040 ## - CATALOGING SOURCE |
| Original cataloging agency |
ZWZ |
| Description conventions |
ncafnor |
| Language of cataloging |
fre |
| Transcribing agency |
TZ-ArACH |
| Modifying agency |
OCLCQ |
| -- |
UQ1 |
| -- |
BDF |
| 041 ## - LANGUAGE CODE |
| Language code of text/sound track or separate title |
Fre |
| 049 ## - LOCAL HOLDINGS (OCLC) |
| Holding library |
TZAA |
| 050 14 - LIBRARY OF CONGRESS CALL NUMBER |
| Classification number |
KJV220 |
| Item number |
H35 |
| 082 14 - DEWEY DECIMAL CLASSIFICATION NUMBER |
| Classification number |
340.023 44 |
| Edition number |
22 |
| 100 1# - MAIN ENTRY--PERSONAL NAME |
| Personal name |
Ader, Henri, |
| Relator term |
Auteur. |
| 9 (RLIN) |
9769 |
| 245 10 - TITLE STATEMENT |
| Title |
Règles de la profession d'avocat |
| Medium |
[Texte imprimé] / |
| Statement of responsibility, etc |
Henri Ader, ... André Damien, ... ; avec la collaboration de Sébastien Bigot de la Touanne, ... |
| 250 ## - EDITION STATEMENT |
| Edition statement |
13e édition, novembre 2010. |
| Remainder of edition statement |
[2011-2012]. |
| 260 ## - PUBLICATION, DISTRIBUTION, ETC. (IMPRINT) |
| Place of publication, distribution, etc |
Paris : |
| Name of publisher, distributor, etc |
Dalloz, |
| Date of publication, distribution, etc |
impr. 2010, DL 2011. |
| 300 ## - PHYSICAL DESCRIPTION |
| Extent |
1 v. (XXXI-814 p.) ; |
| Dimensions |
26 cm. |
| 490 1# - SERIES STATEMENT |
| Series statement |
Dalloz action, |
| International Standard Serial Number |
1281-6507 |
| 500 ## - GENERAL NOTE |
| General note |
La couv. porte en plus : "Formation-Serment, Bâtonnier-Conseil de l'ordre, Conseil national des barreaux, Secret professionnel, Conflit d'intérêts, Principe du contradictoire, Champ d'activité professionnelle, Spécialisations-Publicité, Honoraires-Aide juridictionnelle, Structures-Difficultés financières, Collaborateur Libéral-Salarié, Bureaux secondaires-Réseaux, Union Européenne, Déontologie, Discipine-Responsabilité" |
| 504 ## - BIBLIOGRAPHY, ETC. NOTE |
| Bibliography, etc |
Notes bibliogr. Index. |
| 650 #7 - SUBJECT ADDED ENTRY--TOPICAL TERM |
| Topical term or geographic name as entry element |
Avocats |
| General subdivision |
Statut juridique |
| Geographic subdivision |
France. |
| Source of heading or term |
ram |
| 9 (RLIN) |
9770 |
| 650 #7 - SUBJECT ADDED ENTRY--TOPICAL TERM |
| Topical term or geographic name as entry element |
Lawyers |
| Geographic subdivision |
France |
| 9 (RLIN) |
9771 |
| 650 #7 - SUBJECT ADDED ENTRY--TOPICAL TERM |
| Topical term or geographic name as entry element |
Avocats |
| General subdivision |
Déontologie |
| Geographic subdivision |
France. |
| Source of heading or term |
ram |
| 9 (RLIN) |
9772 |
| 650 #7 - SUBJECT ADDED ENTRY--TOPICAL TERM |
| Topical term or geographic name as entry element |
Déontologie. |
| Source of heading or term |
rasuqam |
| 9 (RLIN) |
9773 |
| 650 #7 - SUBJECT ADDED ENTRY--TOPICAL TERM |
| Topical term or geographic name as entry element |
Pratique professionnelle. |
| Source of heading or term |
rasuqam |
| 9 (RLIN) |
9774 |
| 650 #7 - SUBJECT ADDED ENTRY--TOPICAL TERM |
| Topical term or geographic name as entry element |
Law Practice |
| Geographic subdivision |
France |
| 9 (RLIN) |
9775 |
| 650 #7 - SUBJECT ADDED ENTRY--TOPICAL TERM |
| Topical term or geographic name as entry element |
Legal ethics |
| Geographic subdivision |
France |
| 9 (RLIN) |
9776 |
| 650 #7 - SUBJECT ADDED ENTRY--TOPICAL TERM |
| Topical term or geographic name as entry element |
Responsabilité professionnelle. |
| Source of heading or term |
rasuqam |
| 9 (RLIN) |
9777 |
| 650 #7 - SUBJECT ADDED ENTRY--TOPICAL TERM |
| Topical term or geographic name as entry element |
Secret professionnel. |
| Source of heading or term |
rasuqam |
| 9 (RLIN) |
9778 |
| 651 #7 - SUBJECT ADDED ENTRY--GEOGRAPHIC NAME |
| Geographic name |
France. |
| Source of heading or term |
rasuqam |
| 9 (RLIN) |
9779 |
| 700 1# - ADDED ENTRY--PERSONAL NAME |
| Personal name |
Damien, André |
| Dates associated with a name |
(1930- ...)., |
| Relator term |
Auteur. |
| 9 (RLIN) |
9780 |
| 700 1# - ADDED ENTRY--PERSONAL NAME |
| Personal name |
La Touanne, Sébastien de, |
| Relator term |
Collaborateur. |
| 9 (RLIN) |
9781 |
| 830 #0 - SERIES ADDED ENTRY--UNIFORM TITLE |
| Uniform title |
Dalloz action. |
| 9 (RLIN) |
9782 |
| 856 42 - ELECTRONIC LOCATION AND ACCESS |
| Materials specified |
Notice et cote du catalogue de la Bibliothèque nationale de France |
| Uniform Resource Identifier |
<a href="http://catalogue.bnf.fr/ark:/12148/cb42392700j">http://catalogue.bnf.fr/ark:/12148/cb42392700j</a> |
| 942 ## - ADDED ENTRY ELEMENTS (KOHA) |
| Source of classification or shelving scheme |
Library of Congress Classification |
| Koha item type |
Books |